Statistiques concernant Super Mario Odyssey- Pays des Sables

Cliquez ici pour prendre le quiz!

Statistiques générales

  • Ce quiz a été pris 6 fois
  • Le résultat moyen est 3 sur 8

Statistiques - réponses

Aperçu régionalRéponses% Correct
TempératureMoyenne de 40°C
100%
TailleImmense
40%
PopulationMoyenne
40%
HabitantsZuituzèc
40%
MonnaieEn forme de pyramide
20%
Ma'tuvu
20%
Pierres précieuses
20%
IndustrieTourisme
20%

Distribution des résultats

Percentile par nombre de réponses

% des personnes avec chaque résultat

Votre développement - résultats

Vous n’avez pas pris ce quiz